书目信息 |
| 题名: |
罗曼史
|
|
| 作者: | 李敖 著 | |
| 分册: | ||
| 出版信息: | 呼和浩特 内蒙古出版社 2002 |
|
| 页数: | 510页 | |
| 开本: | 20cm | |
| 丛书名: | ||
| 单 册: | ||
| 中图分类: | I226.3 | |
| 科图分类: | ||
| 主题词: | 诗歌--中国 , 韵文--中国 | |
| 电子资源: | ||
| ISBN: | ||
| 000 | 00527nam0 2200205 450 | |
| 001 | 0755431689 | |
| 005 | 20070724172701.73 | |
| 010 | @dCNY26.00@z7-80168-226-3 | |
| 100 | @a20070720d2002 km y0chiy0120 ea | |
| 101 | 0 | @achi |
| 102 | @aCN@b150000 | |
| 200 | 1 | @a罗曼史@Aluo man shi@f李敖著@Fli ao zhu |
| 210 | @a呼和浩特@c内蒙古出版社@d2002 | |
| 215 | @a510页@d20cm | |
| 606 | 0 | @a诗歌@x中国 |
| 606 | 0 | @a韵文@x中国 |
| 690 | @aI226.3@v3 | |
| 701 | 0 | @a李敖@Ali ao@4著 |
| 801 | 0 | @aCN@bPFT@c20070724 |
| 905 | @a10447@dI226.3@e81 | |
| 罗曼史/李敖著.-呼和浩特:内蒙古出版社,2002 |
| 510页;20cm |
| ISBN :CNY26.00 |
| ● |
| 相关链接 |
|
|
|
|
正题名:罗曼史
索取号:I226.3/81
 
预约/预借
| 序号 | 登录号 | 条形码 | 馆藏地/架位号 | 状态 | 备注 |
| 1 | 0766478 | 207664785 | 第一样本阅览室/ [索取号:I226.3/81] | 在馆 |